BIBLIOTHÈQUE DE LA MAISON DU MEXIQUE

Logo 1 Logo 2

La conquista musical de México (notice nᵒ 1817)

détails MARC
000 -Sello discográfico
campo de control de longitud fija 01039nam a2200325 4500
005 - Identificación de versión
campo de control 20251016083123.0
010 ## - Número Estándar Internacional de Libros (ISBN)
Número (ISBN) 968-16-3987-1
035 ## - Otros números de control del sistema
Número de control del sistema 22334
099 ## - fechas locales
Tipo de ítem Koha LIBRO
100 ## - Datos de procesamiento general
Datos de procesamiento general 19970617d1996 m y1spay5003 ba
105 ## - Campo de datos codificados: Material textual, monográfico
Datos codificados de monografía y 001zy
200 1# - Título y mención de responsabilidad
Título propio La conquista musical de México
Designación general del material texto impreso
Primer mención de responsabilidad Lourdes Tourrent
Declaración de responsabilidad subsiguiente prólogo Andrés Lira
205 ## - Declaración de edición
Declaración de edición 1a reimpr de la 1a ed
210 ## - Publicación, distribución, etc.
Lugar de publicación, distribución, etc. México
Nombre del editor, distribuidor, etc. Fondo de Cultura Económica
Fecha de publicación, distribución, etc. 1996
215 ## - Descripción física
Designación de material específico y extensión del ítem 210 p
Otras características físicas h. pleg.
Dimensiones 23 cm
300 ## - Notas generales
Texto de la nota Incluye cuadro con las celebraciones del Xiupohualli
345 ## - Nota de información de adquisición
Fuente de adquisición/dirección de la suscripción [OBSOLETO] Donación del FCE
410 #1 - Series
Título Sección de Obras de Historia
606 ## - Término temático usado como materia
Elemento de entrada Música
Subdivisión geográfica México
Subdivisión temática Historia y crítica
Número Koha 1733
660 ## - Código de área geográfica
Código MX
700 ## - Nombre personal - Responsabilidad primaria
Elemento de entrada Turrent Díaz
Parte del nombre distinta del elemento de entrada Lourdes
Fechas 1951-
Número Koha 4506
702 ## - Nombre personal - Responsabilidad secundaria
Elemento de entrada Lira González
Parte del nombre distinta del elemento de entrada Andrés
Fechas 1941-
Número Koha 4061
801 #0 - Fuente de origen
Agencia cm
900 ## -
-- 1/14232
900 ## -
-- 710973716\\170697
942 ## - ELEMENTOS DE ENTRADA SECUNDARIOS (KOHA)
Tipo de ítem Koha Livre
996 ## -
-- MEX
-- 751145101
-- MMAG
-- 006073
-- 780.972 T958C
-- 20220209LIV
Exemplaires
Estatus retirado Estado de daño Estado de pérdida Fecha de adquisición Biblioteca de origen Biblioteca actual Ubicación en estantería Código de barras Precio de reemplazo Signatura topográfica completa No para préstamo Tipo de ítem Koha Nota pública Nota no pública
      05/08/2025 Casa México Paris Casa México Paris   006073 05/08/2025 780.972 T958C   Livre 20220209LIV 751145101